Greta Garbo / Alexander Walker; traducció de Jordi Civís
Descripción Física:
168 p. : il. ; 21 cm
Colección:
Col·lecció Pere Vergés de biografies ; 32
MARC
| LEADER | 00000nam a2200000Ia 4500 | ||
|---|---|---|---|
| 001 | 12485 | ||
| 008 | 160829s1992 xx 000 0 cat d | ||
| 080 | |a B-1-211 | ||
| 100 | |a Walker, Alexander |9 36977 | ||
| 245 | |a Greta Garbo / Alexander Walker; traducció de Jordi Civís | ||
| 260 | |a Barcelona : |b Edicions 62 : |b Caixa de Catalunya, |c 1992 | ||
| 300 | |a 168 p. : |b il. ; |c 21 cm | ||
| 490 | |a Col·lecció Pere Vergés de biografies ; 32 | ||
| 590 | |a Editat amb la col·laboració de la Fundació Pere Vergés | ||
| 650 | |a Garbo, Greta |9 36978 | ||
| 650 | |a Actors i actrius cinematogràfics |x Suècia |x Biografia |9 36979 | ||
| 700 | |a Civís i Pol, Jordi, tr. |9 25798 | ||
| 700 | |a Fundació Pere Vergés |9 21045 | ||
| 710 | 2 | |a Caixa de Catalunya |9 53090 | |
| 901 | |a Arxiu | ||
| 942 | |n 1 | ||
| 952 | |0 0 |1 0 |4 0 |6 B1211 |7 1 |9 47591 |a Arxiu |b Arxiu |d 2016-12-01 |l 0 |o B-1-211 |p 12485 |r 2016-12-01 00:00:00 |w 2016-12-01 |y ARXIU | ||
| 999 | |c 51390 |d 51390 | ||